| 000 | 00691nam a2200217 a 4500 | ||
|---|---|---|---|
| 001 | 70768 | ||
| 003 | BD-RjUL | ||
| 005 | 20211209082034.0 | ||
| 008 | 880808s1928 enk 000 0 eng d | ||
| 035 | _a(BD-RjUL)70982 | ||
| 040 |
_aDLC _cMIU _dSER _dBD-RjUL _beng |
||
| 041 | _aeng | ||
| 082 |
_223 _a759.953 _bARP 1928 |
||
| 100 | 1 |
_aArnold, Thomas Walker, _d1864-1930. _9209469 |
|
| 245 | 1 | 0 |
_aPainting in Islam : _ba study of the place of pictorial art in Muslim culture / _cby Sir Thomas W. Arnold |
| 260 |
_aNew York : _bDover pub. , _c1965 |
||
| 300 |
_axviii, 159 p. : _c24 cm _bill. ; |
||
| 650 | 0 |
_aIslamic painting _9209470 |
|
| 650 | 0 |
_aIslamic civilization _9209471 |
|
| 942 |
_2ddc _cBK |
||
| 999 |
_c70768 _d70768 |
||